LIBRARY & INFORMATION CENTRE, KCAET, TAVANUR

ONLINE PUBLIC ACCESS CATALOGUE (OPAC)

Food plant engineering systems (Record no. 15288)

MARC details
000 -LEADER
fixed length control field 00303nam a22001337a 4500
020 ## - INTERNATIONAL STANDARD BOOK NUMBER
ISBN 978-1-4398-4809-8
082 ## - DEWEY DECIMAL CLASSIFICATION NUMBER
Classification number 664.00682
Item number ROB/FO
100 ## - MAIN ENTRY--AUTHOR NAME
Personal name Robberts, Theunis C.
245 ## - TITLE STATEMENT
Title Food plant engineering systems
250 ## - EDITION STATEMENT
Edition statement 2
260 ## - PUBLICATION, DISTRIBUTION, ETC. (IMPRINT)
Place of publication U.S.A
Name of publisher CRC
Year of publication 2013
300 ## - PHYSICAL DESCRIPTION
Number of Pages 333
942 ## - ADDED ENTRY ELEMENTS (KOHA)
Koha item type Books
Holdings
Withdrawn status Lost status Damaged status Home library Current library Date acquired Full call number Accession Number Koha item type
      KAUAET KAUAET 27/02/2018 664.00682 ROB/FO 25464 Books
free website counter